Catálogo - Centro de Recursos para el Aprendizaje y la Investigación
Volver al Sitio - CRAI Biblioteca| 000 -CABECERA | |
|---|---|
| campo de control de longitud fija | 01423nam a2200325 4500 |
| 001 - NÚMERO DE CONTROL | |
| campo de control | 114563 |
| 003 - IDENTIFICADOR DEL NÚMERO DE CONTROL | |
| campo de control | DR-UNIBE |
| 005 - FECHA Y HORA DE LA ÚLTIMA TRANSACCIÓN | |
| campo de control | 20260410134340.0 |
| 008 - DATOS DE LONGITUD FIJA--INFORMACIÓN GENERAL | |
| campo de control de longitud fija | 260409b2024 dr ||||| |||| 00| 1 spa d |
| 020 ## - NÚMERO INTERNACIONAL ESTÁNDAR DEL LIBRO | |
| Número Internacional Estándar del Libro | 9789945954708 |
| 040 ## - FUENTE DE LA CATALOGACIÓN | |
| Centro catalogador/agencia de origen | BIBLIOTECA UNIBE |
| Lengua de catalogación | spa |
| Centro/agencia transcriptor | BIBLIOTECA UNIBE |
| Normas de descripción | RDA |
| 041 ## - CÓDIGO DE LENGUA | |
| Código de lengua del texto/banda sonora o título independiente | spa |
| 090 ## - LOCALMENTE ASIGNADO TIPO-LC NÚMERO DE CLASIFICACIÓN (OCLC); NÚMERO DE CLASIFICACIÓN LOCAL (RLIN) | |
| Número de clasificación (OCLC) (R) ; Numero de clasificación, CALL (RLIN) (NR) | FBIU-RO CJ C965d |
| 100 10 - ENTRADA PRINCIPAL--NOMBRE DE PERSONA | |
| Nombre de persona | Cueto, Amarilis |
| 9 (RLIN) | 204160 |
| Término indicativo de función/relación | autor |
| 245 10 - MENCIÓN DE TÍTULO | |
| Título | Dante grafito / |
| Mención de responsabilidad, etc. | Amarilis Cueto ; edición y corrección: Rafael J. Rodríguez Pérez ; diseño: Carlos H. Bruzón ; ilustraciones: Rachel Ortíz de la Rosa ; comentaristas: Rafael J. Rodríguez Pérez y Geraldine De Santis |
| 250 ## - MENCIÓN DE EDICIÓN | |
| Mención de edición | Primera edición |
| 260 ## - PUBLICACIÓN, DISTRIBUCIÓN, ETC. | |
| Lugar de publicación, distribución, etc. | Santo Domingo: |
| Nombre del editor, distribuidor, etc. | Río de Oro Editores , |
| Fecha de publicación, distribución, etc. | 2025 |
| 300 ## - DESCRIPCIÓN FÍSICA | |
| Extensión | 34 páginas : |
| Otras características físicas | ilustraciones a color |
| Dimensiones | 23 x 20 cm |
| 490 ## - MENCIÓN DE SERIE | |
| Mención de serie | Colección carajitos |
| 500 ## - NOTA GENERAL | |
| Nota general | Incluye biografía del autor al inicio de la obra y comentarios de la obra en la contraportada |
| 653 07 - TÉRMINO DE INDIZACIÓN--NO CONTROLADO | |
| Término no controlado | Cuentos juveniles dominicanos |
| 653 07 - TÉRMINO DE INDIZACIÓN--NO CONTROLADO | |
| Término no controlado | Literatura juvenil dominicana |
| 653 07 - TÉRMINO DE INDIZACIÓN--NO CONTROLADO | |
| Término no controlado | Grafito - Cuentos juveniles dominicanos |
| 653 07 - TÉRMINO DE INDIZACIÓN--NO CONTROLADO | |
| Término no controlado | Sueños - Cuentos juveniles dominicanos |
| 700 10 - PUNTO DE ACCESO ADICIONAL--NOMBRE DE PERSONA | |
| Nombre de persona | Rodríguez Pérez, Rafael J. |
| 9 (RLIN) | 198242 |
| Término indicativo de función/relación | editor |
| -- | corrector de estilo |
| -- | comentarista |
| 700 10 - PUNTO DE ACCESO ADICIONAL--NOMBRE DE PERSONA | |
| Nombre de persona | Bruzón, Carlos H. |
| 9 (RLIN) | 162497 |
| Término indicativo de función/relación | diseñador |
| 700 10 - PUNTO DE ACCESO ADICIONAL--NOMBRE DE PERSONA | |
| Nombre de persona | Ortíz La Rosa, Rachel |
| 9 (RLIN) | 160245 |
| Término indicativo de función/relación | ilustrador |
| 700 10 - PUNTO DE ACCESO ADICIONAL--NOMBRE DE PERSONA | |
| Nombre de persona | Santis, Géraldine de, |
| Fechas asociadas al nombre | 1980- |
| 9 (RLIN) | 53457 |
| Término indicativo de función/relación | comentarista |
| 942 ## - ELEMENTOS DE PUNTO DE ACCESO ADICIONAL (KOHA) | |
| Fuente del sistema de clasificación o colocación | Sistema de Clasificación Decimal Dewey |
| Tipo de ítem Koha | Libro (general) |
| Estado de retiro | Estado de pérdida | Fuente del sistema de clasificación o colocación | No para préstamo | Código de colección | Localización permanente | Fecha de adquisición | Total de préstamos | Signatura topográfica completa | Código de barras | Fecha visto por última vez | Número de copia | Precio válido a partir de | Tipo de ítem Koha |
|---|---|---|---|---|---|---|---|---|---|---|---|---|---|
| Disponible | Sistema de Clasificación Decimal Dewey | No se presta | Fondo Bibliográfico IBBY-UNIBE | Biblioteca Central UNIBE | 11/02/2026 | FBIU-RO CJ C965d | FBIU0934 | 09/04/2026 | Ej. 1 | 09/04/2026 | Libro (reserva) |